banner-ar

الدراما والدرامية / (Record no. 36148)

MARC details
000 -الفاتح
حقل البيانات ثابتة الطول 00717nam a2200229Ia 4500
008 - عناصر البيانات ثابتة الطول - معلومات عامة
حقل البيانات ثابتة الطول 140319s9999 xx 000 0 ara d
040 ## - مصدر الفهرسة
وكالة الفهرسة الأصلية GCL /
وكالة النسخ GCL
082 04 - رقم تصنيف ديوى العشرى
رقم التصنيف 809.2
رقم المادة د د
100 1# - المدخل الرئيسى - إسم شخصى
الإسم الشخصى جعفر صادق الخليلى(مترجم)
245 10 - بيان العنوان
العنوان الدراما والدرامية /
بيان المسئوليه,etc جعفر صادق الخليلى(مترجم)
700 1# - المدخل الاضافى - اسم شخصى
الإسم الشخصى عناد غزوان اسماعيل (مراجع)
700 1# - المدخل الاضافى - اسم شخصى
الإسم الشخصى داوسن، س . و
260 ## - PUBLICATION, DISTRIBUTION, ETC. (IMPRINT)
تاريخ النشر أو التوزيع 1989
300 ## - الوصف المادى
التعداد 124 ص
490 ## - بيان السلسلة
عنوان السلسلة زدنى علما
رقم المجلد/ التعيين التسلسلي 0
650 04 - المدخل الاضافى بالموضوع-مصطلح موضوعى
مصطلح موضوعي الادب
650 04 - المدخل الاضافى بالموضوع-مصطلح موضوعى
مصطلح موضوعي المسرح
650 04 - المدخل الاضافى بالموضوع-مصطلح موضوعى
مصطلح موضوعي المسرحيات
650 04 - المدخل الاضافى بالموضوع-مصطلح موضوعى
مصطلح موضوعي تاريخ ونقد
942 ## - عناصر المدخل الإضافي( كوها)
مصدر التصنيف او مخطط الترفيف Dewey Decimal Classification
Koha [default] item type كتاب
260 ## - PUBLICATION, DISTRIBUTION, ETC. (IMPRINT)
-- [S.N] :
-- منشورات عويدان ،
Holdings
حالة التراجع حالة الفقد حالة تلف ليس للاعارة المكان المؤقت الموقع الحالى تاريخ الاكتساب اجمالي اﻻعارات رقم الطلب الباركود تاريخ اخر مشاهدة تاريخ تفعيل السعر نوع وعاء كوها
        مكتبة القاهرة الكبرى مكتبة القاهرة الكبرى 03/26/2014   809.2\د د 87941 03/26/2014 03/26/2014 كتاب

Powered By

EGPV